Business negotiations

Saved in:
Bibliographic Details
Main Author: Grossmanová, Marta
Corporate Author: Ekonomická univerzita v Bratislave. Ústav jazykov
Format: Book
Language:English
Published: Bratislava Vydavateľstvo EKONÓM 2005
Subjects:
Tags: Add Tag
No Tags, Be the first to tag this record!

MARC

LEADER 00000nam$a2200000$$$4500
001 0034241
005 20240502071444.3
020 |a 80-225-2050-0 
041 0 |a eng 
044 |a SK 
245 1 0 |a Business negotiations  |c Marta Grossmanová 
264 1 |a Bratislava  |b Vydavateľstvo EKONÓM  |c 2005 
300 |a 56 s. 
610 2 0 |a jazykoveda 
610 2 0 |a terminológia 
610 2 0 |a obchod 
610 2 0 |a podnikanie 
610 2 0 |a vyjednávanie 
610 2 0 |a rokovania obchodné 
610 2 0 |a kontrakty 
610 2 0 |a jazyky cudzie 
610 2 0 |a angličtina 
100 1 |a Grossmanová, Marta 
710 2 |a Ekonomická univerzita v Bratislave. Ústav jazykov